Úloha modelu reprodukce základných fondů při tvorbě plánu obecná příručka pro uživatele modelu "MZF"

Salvato in:
Dettagli Bibliografici
Autore principale: Malypetr, Antonín
Altri autori: Šúra, Jiří
Natura: Libro
Lingua:ceco
Pubblicazione: Praha Výzkumný ústav plánování a řízení národního hospodářství 1981
Tags: Aggiungi Tag
Nessun Tag, puoi essere il primo ad aggiungerne!!

MARC

LEADER 00000nam a2200000 4500
001 c139691
005 20041019155316.7
041 0 |a cze 
044 |a CZ 
245 1 0 |a Úloha modelu reprodukce základných fondů při tvorbě plánu  |b obecná příručka pro uživatele modelu "MZF"  |c Antonín Malypetr, Jiří Šúra 
264 1 |a Praha  |b Výzkumný ústav plánování a řízení národního hospodářství  |c 1981 
300 |a 101 s. 
100 1 |a Malypetr, Antonín 
700 1 |a Šúra, Jiří